000 00486nam a22001697a 4500
005 20260113172241.0
008 240214b |||||||| |||| 00| 0 eng d
020 _a978-93-92242-37-3
041 _aEnglish
082 _aPH 615.1 MAT DB1234
100 _aMatreja Prithpal
_9216340
245 _aTextbook of Pharmacology for BSc Nursing Students Semester- III & IV
260 _bVision Health Sciences Publishers
_aPunjab
_c2023
300 _a384p
365 _b695.00
942 _cDB
999 _c357099
_d357099